MARC

LEADER 00000nas a2200000 4500
001 ssj0002094
003 WaSeSS
005 20200512172242.0
006 m d
007 cr n
008 800206d19802007dcumr p s 0 a0eng c
010 |a  80644002   |z sn 80000334  
022 |l 0197-0771  |y 0197-0771 
032 |a 690130  |b USPS 
035 |a (WaSeSS)ssj0002094 
040 |a NSD  |b eng  |c NSD  |d DLC  |d NSD  |d DLC  |d NSD  |d NST  |d OCL  |d NST  |d NSD  |d NST  |d AIP  |d NST  |d NSD  |d NST  |d HUL  |d NST  |d DLC  |d NST  |d OCL  |d NYG  |d DLC  |d HUL  |d TJC  |d GUA  |d IUL  |d HUL  |d OCL  |d SYS  |d HUL  |d OCLCQ  |d WAU  |d OCLCQ  |d NLGGC  |d GUA  |d JED  |d CUS  |d TJC  |d NSD  |d U9S  |d OCLCQ  |d OCLCF  |d OCLCQ  |d L2U  |d WaSeSS 
042 |a nsdp  |a pcc 
043 |a n-us--- 
050 0 0 |a JK1976  |b .C33 
082 0 4 |a 324.7/0973 
210 0 |a Camp. elect. 
222 0 |a Campaigns & elections 
245 0 0 |a Campaigns & elections  |h [electronic resource]. 
246 3 |a Campaigns and elections 
260 |a [Washington, D.C.],  |b [Votenet Solutions, Inc., etc.] 
310 |a Monthly,  |b 2007 
321 |a Frequency varies,  |b 1980-2006 
362 0 |a v. 1-28; spring 1980-2007. 
500 |a "The magazine of political professionals." 
506 |a License restrictions may limit access. 
515 |a Vol. 17, no. 1 and no. 11 never published. 
515 |a The Political pages for 2003/2004 lack issue number and date, but constitute v. 24, no. 3 (Mar. 2003). 
555 |a Five year cumulative index [1980-1985], in v. 6. 
580 |a The Political pages is published annually as a numbered issue of Campaigns & Elections, <1993-> 
650 0 |a Political campaigns  |z United States  |v Periodicals. 
650 0 |a Campaign management  |z United States  |v Periodicals. 
650 0 |a Politics, Practical  |z United States  |v Periodicals. 
650 6 |a Campagnes électorales  |z États-Unis  |v Périodiques. 
650 6 |a Politique  |z États-Unis  |v Périodiques. 
650 7 |a 89.57 political participation.  |0 (NL-LeOCL)077609034  |2 bcl 
650 7 |a Campaign management.  |2 fast  |0 (OCoLC)fst00844867 
650 7 |a Political campaigns.  |2 fast  |0 (OCoLC)fst01069212 
650 7 |a Politics, Practical.  |2 fast  |0 (OCoLC)fst01069977 
650 1 7 |a Verkiezingen.  |2 gtt 
650 1 7 |a Verkiezingscampagnes.  |2 gtt 
651 7 |a United States.  |2 fast  |0 (OCoLC)fst01204155 
655 0 |a Electronic journals. 
776 0 8 |i Microfilm version:  |t Campaigns & elections  |x 0197-0771  |w (OCoLC)11846056 
776 0 8 |i Microfiche version:  |t Campaigns & elections  |x 0197-0771  |w (OCoLC)12385957 
780 0 5 |t Campaign (Washington, D.C. : 1991)  |g Apr./May 1993  |x 1061-964X  |w (DLC)sn 91026400  |w (OCoLC)24458464 
780 0 5 |t Politéia  |x 0096-3135  |w (DLC) 75641211  |w (OCoLC)1798716 
785 0 0 |t Politics (Plainsboro, N.J.)  |x 1945-3191  |w (DLC) 2008237251  |w (OCoLC)190733370 
787 1 |t Political pages  |w (DLC) 2002237849  |w (OCoLC)36843720 
850 |a AAP  |a AzU  |a C  |a CSt  |a CU-S  |a CaOONL  |a CaOWtU  |a CoU  |a CtY  |a DGW  |a DLC  |a GASU  |a GU  |a IEN  |a IU  |a IaAS  |a IaU  |a InU  |a KyU  |a LU  |a MBU  |a MChB  |a MH  |a MH-KG  |a MWelC  |a MiD  |a MoU  |a MsU  |a N  |a NN  |a NNStJ  |a NRU  |a NSyU  |a NcD  |a NcU  |a NcWsW  |a NjP  |a OCU  |a OU  |a PU  |a RPB  |a TU  |a TxCM  |a TxHR  |a TxU  |a ULA  |a UPB  |a ViBlbV  |a ViU  |a ViW  |a Wa  |a WaU  |a WvU  |a WyU 
853 2 0 |8 1  |a v.  |b no.  |u 12  |v r  |i (year)  |j (month)  |w m 
856 4 0 |z Full text available from Research Library: 03/01/1994 to 2007  |u https://search.proquest.com/publication/40236 
863 4 1 |8 1.1  |a 28  |b 1  |i 2007  |j 01